Robert Knight : (Record no. 18117)

MARC details
000 -LEADER
fixed length control field 01630cam a2200325 a 4500
005 - DATE AND TIME OF LATEST TRANSACTION
control field 20080616100023.0
008 - FIXED-LENGTH DATA ELEMENTS--GENERAL INFORMATION
fixed length control field 070814s2007 ii 001 0 eng
010 ## - LCCN (DPL NO)
LC control number ENG-91534
020 ## - INTERNATIONAL STANDARD BOOK NUMBER
International Standard Book Number 9780195696226
Terms of availability 795.00
020 ## - INTERNATIONAL STANDARD BOOK NUMBER
International Standard Book Number 0195696220
Terms of availability 795.00
035 ## - SYSTEM CONTROL NUMBER
System control number EN-75067
035 ## - SYSTEM CONTROL NUMBER
System control number B-427966-967
037 ## - SOURCE OF ACQUISITION
Source of stock number/acquisition DBAD / PUB
037 ## - SOURCE OF ACQUISITION
Source of stock number/acquisition Allied/DE2010/CR/2777/16.3.11/280/4.3.11/30.3.11
040 ## - CATALOGING SOURCE
Original cataloging agency dpl
Language of cataloging English
082 ## - DEWEY DECIMAL CLASSIFICATION NUMBER
Classification number 808.06607
100 ## - MAIN ENTRY--PERSONAL NAME
Personal name Hirschmann, Edwin
9 (RLIN) 31528
245 ## - TITLE STATEMENT
Title Robert Knight :
Statement of responsibility, etc by Edwin Hirschmann
Remainder of title reforming editor in Victorian India /
260 ## - PUBLICATION, DISTRIBUTION, ETC. (IMPRINT)
Place of publication, distribution, etc New Delhi
Name of publisher, distributor, etc Oxford University Press,
Date of publication, distribution, etc 2008
270 ## - ADDRESS
Address YMCA Library Building , Jai Singh Road,
City New Delhi
Postal code 110001
300 ## - PHYSICAL DESCRIPTION
Extent xii, 272 p.
Dimensions 23 cm (Hb)
500 ## - GENERAL NOTE
General note Includes bibliographical references and index
520 ## - SUMMARY, ETC.
Summary, etc Contributed articles chiefly with reference to India.
650 ## - SUBJECT ADDED ENTRY--TOPICAL TERM
Topical term or geographic name as entry element Journalism
General subdivision Authorship
9 (RLIN) 31529
942 ## - ADDED ENTRY ELEMENTS (KOHA)
Source of classification or shelving scheme Dewey Decimal Classification
Item type English Books
Call number suffix HIR
Classification part 808.06607
Holdings
Withdrawn status Lost status Source of classification or shelving scheme Damaged status Not for loan Collection code Home library Current library Date acquired Source of acquisition Cost, normal purchase price Total Checkouts Full call number Barcode Date last seen Copy number Cost, replacement price Koha item type
    Dewey Decimal Classification     Non-fiction Central Library Central Library 08/08/2011 Allied/DE2010/CR/2777/16.3.11/280/4.3.11/30.3.11 795.00   808.06607 HIR B-427966 08/08/2011 1 795.00 English Books
    Dewey Decimal Classification   Not For Loan Non-fiction D.B.Act.Division D.B.Act.Division 06/11/2008 DBAD / PUB 795.00   808.06607 HIR EN-75067 06/11/2008 1 795.00 English Books
    Dewey Decimal Classification     Non-fiction Sarojini Nagar Sarojini Nagar 08/08/2011 Allied/DE2010/CR/2777/16.3.11/280/4.3.11/30.3.11 795.00   808.06607 HIR B-427967 08/08/2011 1 795.00 English Books

© Delhi Public Library
Hit Counter
free hit counter